| 000 | 01395cam a2200217 4500 | ||
|---|---|---|---|
| 001 | L136711 | ||
| 008 | 070219n2007 000 0 eng u | ||
| 035 | _a(Sirsi) u136711 | ||
| 041 | 0 | _aeng | |
| 050 | _a690.241 $2 18 | ||
| 110 | 2 |
_aEnglish Heritage _92714 |
|
| 245 | 0 | 0 |
_aValuing our heritage _bthe case for future investment in the historic environment _h[electronic resource] |
| 260 |
_aLondon _bEnglish Heritage _c2007 |
||
| 505 | 2 | _aValuing our heritage -- Introduction -- People care -- Benefits of investment -- Democratisation -- The state of England's historic environment -- Priorities for the future. | |
| 520 | _aSets out the benefits of investment in the historic environment and the case for targeted increases in funding to: support the implementation of the new heritage protection system; maintain the fabric of our heritage by increasing funding for restoration and preventative maintenance including for listed places of worship; restore English Heritage's grant in aid to 1997 levels; and broaden audiences and get more people involved with the historic environment . | ||
| 590 | _aKA | ||
| 651 | 4 |
_aEngland _y886- |
|
| 690 | _aBUILT ENVIRONMENT-BUILDING MAINTENANCE AND REFURBISHMENT-BUILDING CONSERVATION | ||
| 856 | 4 | 0 |
_uhttps://www.english-heritage.org.uk/server/show/ConWebDoc.9948 _zView the report free of charge at www.english-heritage.org.uk... |
| 942 | _n0 | ||
| 999 |
_c106484 _d106484 |
||